| 000 | 00602nam a2200241Ia 4500 | ||
|---|---|---|---|
| 003 | OSt | ||
| 005 | 20230324145728.0 | ||
| 008 | 210423s2007 xx 000 0 und d | ||
| 020 | _a7058414 | ||
| 040 | _cAL | ||
| 041 | _aeng | ||
| 082 |
_a339.3 _223 _bDWID |
||
| 100 |
_aDWIVEDI (D N) _977520 |
||
| 245 | _aMacroeconomics: theory and policy | ||
| 250 | _a2 | ||
| 260 |
_aNew Delhi _bTata McGrawhill _c2007 |
||
| 300 |
_axv,603 _bPB |
||
| 365 |
_b210 _cINR |
||
| 650 |
_aEconomics _977521 |
||
| 650 |
_aMacroeconomics _977522 |
||
| 906 | _aMacroeconomics: ; policy ; theory | ||
| 942 |
_2ddc _cBK |
||
| 999 |
_c155830 _d155830 |
||